[Event "Madrid-ch sf-A"]
[Site "Madrid"]
[Date "2015.03.17"]
[Round "5"]
[White "Bajo Vicente, Alberto"]
[Black "Pastor Alonso de Prado, Emilio Alberto"]
[Result "0-1"]
[WhiteElo "2046"]
[BlackElo "2131"]
[PlyCount "112"]
[EventDate "2015.03.09"]
[EventType "swiss"]
[EventRounds "9"]
[EventCountry "ESP"]
[SourceTitle "CBM 165 Extra"]
[Source "ChessBase"]
[SourceDate "2015.04.21"]
[SourceVersion "1"]
[SourceVersionDate "2015.04.21"]
[SourceQuality "1"]

1. d4 d5 2. Nf3 Nf6 3. c4 e6 4. g3 Be7 5. Bg2 0-0 6. 0-0 b6 7. cxd5 exd5 8. Ne5 Bb7 9. Nc3 c6 10. a3 Nbd7 11. Bf4 Re8 12. b4 Nf8 13. Qb3 Ne6 14. Rfd1 a6 15. e4 Nxf4 16. gxf4 Rf8 17. Rac1 Qd6 18. Nxc6 Qxc6 19. e5 Qe6 20. exf6 Bxf6 21. Nxd5 Kh8 22. f5 Qxf5 23. Nxf6 Bxg2 24. Kxg2 Qxf6 25. d5 Rad8 26. Qg3 Rd6 27. Qf3 Qg6+ 28. Kh1 Rfd8 29. Rc6 Rxc6 30. dxc6 Rxd1+ 31. Qxd1 Qxc6+ 32. Kg1 g6 33. Qd4+ Kg8 34. Qd3 b5 35. Qd1 Kg7 36. Qd4+ Qf6 37. Qd3 h5 38. h3 Qe5 39. Kg2 Qg5+ 40. Kh2 Qf4+ 41. Kg2 g5 42. Qc3+ Qf6 43. Qg3 Kh6 44. Qe3 Qc6+ 45. Kh2 Qe6 46. Qa7 f6 47. Qa8 Kg6 48. Kg2 f5 49. Qd8 h4 50. Qh8 f4 51. Qf8 Kh7 52. Qd8 f3+ 53. Kxf3 Qxh3+ 54. Ke4 Qe6+ 55. Kf3 Kg6 56. Qh8 Qf6+ 0-1

[Event "Madrid-ch sf-A"]
[Site "Madrid"]
[Date "2015.03.09"]
[Round "1"]
[White "Bajo Vicente, Alberto"]
[Black "Lopez Heras, Arturo"]
[Result "1-0"]
[WhiteElo "2046"]
[BlackElo "1873"]
[PlyCount "107"]
[EventDate "2015.03.09"]
[EventType "swiss"]
[EventRounds "9"]
[EventCountry "ESP"]
[SourceTitle "CBM 165 Extra"]
[Source "ChessBase"]
[SourceDate "2015.04.21"]
[SourceVersion "1"]
[SourceVersionDate "2015.04.21"]
[SourceQuality "1"]

1. d4 Nf6 2. Bg5 g6 3. Bxf6 exf6 4. e3 Bg7 5. g3 Qe7 6. Nc3 c6 7. Bg2 d5 8. Nge2 0-0 9. 0-0 Bg4 10. h3 Bxe2 11. Qxe2 f5 12. Qd3 Nd7 13. Ne2 Nf6 14. c4 dxc4 15. Qxc4 Ne4 16. Rad1 Rad8 17. Rfe1 Rfe8 18. Nc3 Qe6 19. Qxe6 Rxe6 20. Rc1 g5 21. Red1 Re7 22. b4 Nxc3 23. Rxc3 f4 24. Rcd3 fxg3 25. fxg3 Rde8 26. Kf2 h5 27. Bf3 h4 28. gxh4 gxh4 29. Rg1 Kf8 30. Rg4 Bf6 31. Bd1 Re4 32. Kf3 Rxg4 33. Kxg4 Kg7 34. Kf5 Be7 35. Rb3 a6 36. Bf3 Bd6 37. e4 Bg3 38. e5 Rd8 39. Rd3 Bf2 40. Ke4 Rd5 41. Bg4 Rb5 42. a3 a5 43. Be2 Bg3 44. Rf3 Rb6 45. bxa5 Rb2 46. Bc4 Rf2 47. Rb3 Rf4+ 48. Ke3 c5 49. Rxb7 cxd4+ 50. Kd3 Rf5 51. a6 Bxe5 52. Bd5 Bb8 53. Rxb8 Rxd5 54. a7 1-0